[Event "PRAGUE OPEN 2019 - B - FIDE open"]
[Site "Praha, Olympik hotel"]
[Date "2019.01.12"]
[Round "2"]
[White "Nemec, Jachym"]
[Black "Kylar, Miroslav"]
[Result "1-0"]
[WhiteElo "1638"]
[BlackElo "1943"]
[PlyCount "131"]
[EventDate "2019.01.11"]

1. d4 d5 2. c4 c6 3. cxd5 cxd5 4. Bf4 Nc6 5. Nc3 a6 6. e3 Nf6 7. Bd3 e6 8. Rc1
Bd6 9. Bxd6 Qxd6 10. f4 Bd7 11. Nf3 Ng4 12. Qe2 f5 13. h3 Nf6 14. Ne5 O-O 15.
O-O Ne4 16. Bxe4 fxe4 17. a3 Rac8 18. Qg4 Ne7 19. Kh2 Rc7 20. Qe2 Rfc8 21. Qd2
Be8 22. g4 b5 23. Na2 Nc6 24. Rc5 Qf8 25. Kg2 Nd8 26. b4 Nb7 27. Rxc7 Rxc7 28.
Rc1 Qe7 29. Rxc7 Qxc7 30. Qc1 Qxc1 31. Nxc1 Nd6 32. Nb3 Nc4 33. Nxc4 bxc4 34.
Nc5 Kf7 35. Kf2 c3 36. Ke1 Bb5 37. Kd1 Bd3 38. Na4 Bf1 39. h4 Bh3 40. g5 Bf1
41. Nxc3 Kg6 42. Ne2 Kf7 43. Ke1 Bh3 44. Ng3 Bg4 45. Kd2 Ke7 46. Nf1 Bh3 47.
Ng3 Bg4 48. Ne2 Bh5 49. Nc3 Be8 50. Kc2 Kf7 51. Kb3 Kg6 52. Na4 Kh5 53. Nc5 Kg4
54. Kc3 Kxh4 55. Nxe6 h5 56. Nxg7 Bf7 57. Nf5+ Kg4 58. Nh6+ Kf3 59. Nxf7 h4 60.
Ne5+ Kxe3 61. g6 Kf2 62. Ng4+ Kf3 63. g7 e3 64. g8=Q e2 65. Kd2 h3 66. Nh2+ 1-0

[Event "PRAGUE OPEN 2019 - B - FIDE open"]
[Site "Praha, Olympik hotel"]
[Date "2019.01.12"]
[Round "2"]
[White "Dundalek, Jozef"]
[Black "Ziabari, Morteza"]
[Result "0-1"]
[WhiteElo "1612"]
[BlackElo "1927"]
[PlyCount "60"]
[EventDate "2019.01.11"]

1. d4 d5 2. c4 e6 3. Nc3 Nf6 4. e3 c6 5. Nf3 Bb4 6. a3 Ba5 7. b4 Bc7 8. Bd3
Nbd7 9. O-O O-O 10. e4 dxe4 11. Nxe4 Nxe4 12. Bxe4 f5 13. Bg5 Nf6 14. Bd3 h6
15. Bd2 e5 16. dxe5 Qxd3 17. exf6 Rxf6 18. Re1 Be6 19. Re3 Qxc4 20. Rc1 Qa6 21.
Qe1 Bd5 22. Re8+ Rxe8 23. Qxe8+ Kh7 24. Nd4 Bb6 25. Bc3 Qxa3 26. Qe1 Bxd4 27.
Bxd4 Rg6 28. Rc3 Rxg2+ 29. Kf1 Qa6+ 30. Qe2 Rg1+ 0-1

[Event "PRAGUE OPEN 2019 - B - FIDE open"]
[Site "Praha, Olympik hotel"]
[Date "2019.01.12"]
[Round "2"]
[White "Jaeger, Andre"]
[Black "Nigrin, Jiri"]
[Result "1/2-1/2"]
[WhiteElo "1903"]
[BlackElo "1602"]
[PlyCount "48"]
[EventDate "2019.01.11"]

1. d4 Nf6 2. c4 g6 3. g3 d6 4. Nf3 Bg7 5. Nc3 Nbd7 6. Bg2 O-O 7. O-O c5 8. h3
Rb8 9. Nb5 a6 10. Na7 Qb6 11. Nxc8 Rbxc8 12. d5 Qc7 13. a4 Rb8 14. Bg5 b5 15.
axb5 axb5 16. Nd2 bxc4 17. Nxc4 Rb5 18. Ra2 Rfb8 19. Bd2 Qc8 20. Bc3 Ra8 21.
Qa1 Rxa2 22. Qxa2 Nb6 23. Nxb6 Rxb6 24. Ra1 Rb8 1/2-1/2

[Event "PRAGUE OPEN 2019 - B - FIDE open"]
[Site "Praha, Olympik hotel"]
[Date "2019.01.12"]
[Round "2"]
[White "Poborsky, Josef"]
[Black "Werner, Roman"]
[Result "1-0"]
[WhiteElo "1885"]
[BlackElo "1585"]
[PlyCount "47"]
[EventDate "2019.01.11"]

1. d4 Nf6 2. c4 g6 3. Nc3 Bg7 4. e4 d6 5. Nf3 O-O 6. Be2 e5 7. dxe5 dxe5 8.
Qxd8 Rxd8 9. Bg5 Re8 10. O-O a6 11. Nd5 Nxd5 12. cxd5 f5 13. exf5 Bxf5 14. Rac1
c6 15. Bc4 Kh8 16. dxc6 Nxc6 17. Bd5 Nb4 18. Bxb7 Nxa2 19. Rc7 Ra7 20. Be3 Rxb7
21. Rxb7 Bd3 22. Ra1 Bc4 23. b3 e4 24. Rxa2 1-0

[Event "PRAGUE OPEN 2019 - B - FIDE open"]
[Site "Praha, Olympik hotel"]
[Date "2019.01.12"]
[Round "2"]
[White "Alamaki, Jaakko"]
[Black "Shehzad, Alisha"]
[Result "1/2-1/2"]
[WhiteElo "1849"]
[BlackElo "1563"]
[PlyCount "52"]
[EventDate "2019.01.11"]

1. e4 c5 2. d4 cxd4 3. c3 dxc3 4. Nxc3 g6 5. Nf3 Bg7 6. Bc4 e6 7. Qb3 d6 8. O-O
Nd7 9. Bf4 Nc5 10. Qc2 Nf6 11. Rad1 Bf8 12. Rfe1 Be7 13. Bxd6 Bxd6 14. Nb5
Ncxe4 15. Rxe4 Nxe4 16. Qxe4 Bxh2+ 17. Kxh2 Qxd1 18. Nc7+ Ke7 19. Nxa8 Qd6+ 20.
g3 Rd8 21. Qh4+ Ke8 22. Qxh7 Qc5 23. Qh8+ Ke7 24. Qh4+ Ke8 25. Qh8+ Ke7 26.
Qh4+ Ke8 1/2-1/2

[Event "PRAGUE OPEN 2019 - B - FIDE open"]
[Site "Praha, Olympik hotel"]
[Date "2019.01.12"]
[Round "2"]
[White "Schoeppe, Christian"]
[Black "Bublik, Frantisek"]
[Result "0-1"]
[WhiteElo "1544"]
[BlackElo "1845"]
[PlyCount "70"]
[EventDate "2019.01.11"]

1. e4 c6 2. Nf3 Qc7 3. e5 d6 4. exd6 exd6 5. Nc3 Nf6 6. d3 d5 7. a3 Be7 8. g3
O-O 9. Bg2 a5 10. b3 Bg4 11. O-O Qc8 12. Re1 Bd6 13. Na4 Ra6 14. c4 dxc4 15.
bxc4 c5 16. Qb3 Nc6 17. Be3 Nd7 18. Rab1 b6 19. Nc3 h6 20. Nb5 Bb8 21. Qc3 Bf5
22. Rbd1 Be6 23. Qc1 Na7 24. Bxh6 Qd8 25. Bg5 Qc8 26. Be7 Re8 27. Bd6 Nxb5 28.
cxb5 Ra7 29. Qf4 Bxd6 30. Qxd6 Qd8 31. Ne5 Nxe5 32. Qxd8 Rxd8 33. Rxe5 Rad7 34.
Bd5 c4 35. Rh5 Bg4 0-1

[Event "PRAGUE OPEN 2019 - B - FIDE open"]
[Site "Praha, Olympik hotel"]
[Date "2019.01.12"]
[Round "2"]
[White "Watarkar, Yash"]
[Black "Nemecek St, Pavel"]
[Result "1-0"]
[WhiteElo "1495"]
[BlackElo "1814"]
[PlyCount "75"]
[EventDate "2019.01.11"]

1. c4 Nf6 2. Nc3 g6 3. g3 Bg7 4. Bg2 O-O 5. d3 d6 6. Bg5 Nbd7 7. Qd2 c6 8. Nf3
Rb8 9. O-O e5 10. b4 Qe8 11. a4 Nh5 12. Bh6 f5 13. Bxg7 Kxg7 14. Rfb1 Ndf6 15.
b5 Bd7 16. a5 d5 17. bxc6 Bxc6 18. cxd5 Bxd5 19. Nxd5 Nxd5 20. Qb2 Nhf6 21.
Nxe5 Qe6 22. Nf3 f4 23. Ng5 Qf5 24. Ne4 fxg3 25. hxg3 Kh6 26. Qd2+ g5 27. Rf1
Nh5 28. Bf3 Nhf4 29. g4 Qe5 30. Ng3 Nh3+ 31. Kh2 Ndf4 32. Be4 Rbd8 33. e3 Rxd3
34. Bxd3 Nxd3 35. Kxh3 Nxf2+ 36. Rxf2 Rxf2 37. Qxf2 Qxa1 38. Qf7 1-0

[Event "PRAGUE OPEN 2019 - B - FIDE open"]
[Site "Praha, Olympik hotel"]
[Date "2019.01.12"]
[Round "2"]
[White "You, Garam"]
[Black "Stepanek, Svatopluk"]
[Result "1-0"]
[WhiteElo "1414"]
[BlackElo "1787"]
[PlyCount "35"]
[EventDate "2019.01.11"]

1. d4 d5 2. c4 e6 3. Nc3 Nf6 4. cxd5 exd5 5. Bg5 Be7 6. e3 h6 7. Bf4 c6 8. Bd3
Bd6 9. Nge2 Qe7 10. O-O Be6 11. f3 Na6 12. Bxd6 Qxd6 13. e4 dxe4 14. fxe4 Qd7
15. d5 Nb4 16. dxe6 Qxd3 17. exf7+ Kxf7 18. Qb3+ 1-0

[Event "PRAGUE OPEN 2019 - B - FIDE open"]
[Site "Praha, Olympik hotel"]
[Date "2019.01.12"]
[Round "2"]
[White "Kusak, Lubomir"]
[Black "Ahn, Juyong"]
[Result "1-0"]
[WhiteElo "1767"]
[BlackElo "1439"]
[PlyCount "53"]
[EventDate "2019.01.11"]

1. c4 e5 2. g3 Nf6 3. Nc3 Bc5 4. Bg2 O-O 5. e3 c6 6. Nge2 d6 7. O-O Bb6 8. d4
Bg4 9. d5 Qd7 10. f3 Bf5 11. b4 Na6 12. a3 Rac8 13. Kh1 Rfd8 14. e4 Bh3 15. Bg5
Bxg2+ 16. Kxg2 Qe7 17. f4 exf4 18. Rxf4 Kh8 19. Qf1 Rg8 20. Rxf6 cxd5 21. Rf5
Qe6 22. cxd5 Qe8 23. Rxf7 Rxc3 24. Nxc3 Qe5 25. Bd2 Bd4 26. Qd3 Bb6 27. Raf1
1-0

[Event "PRAGUE OPEN 2019 - B - FIDE open"]
[Site "Praha, Olympik hotel"]
[Date "2019.01.12"]
[Round "2"]
[White "Kochev, Igor"]
[Black "Nemecek Ml, Pavel"]
[Result "1-0"]
[WhiteElo "1748"]
[BlackElo "1245"]
[PlyCount "51"]
[EventDate "2019.01.11"]

1. e4 d5 2. exd5 Qxd5 3. Nc3 Qa5 4. Nf3 Nf6 5. d4 Bg4 6. h3 Bh5 7. g4 Bg6 8.
Bd3 c6 9. Qe2 e6 10. Bd2 Bb4 11. a3 Nbd7 12. O-O-O Bxc3 13. Bxc3 Qb6 14. Ne5
Nxe5 15. Qxe5 O-O-O 16. Ba5 Rd5 17. Bxb6 Rxe5 18. dxe5 Bxd3 19. Rxd3 Nd5 20.
Bxa7 Rd8 21. Rhd1 Rd7 22. c4 b6 23. cxd5 Rxa7 24. dxc6 Kc7 25. Rd7+ Kb8 26.
Rd8+ 1-0

[Event "PRAGUE OPEN 2019 - A - IM open"]
[Site "Praha, Olympik hotel"]
[Date "2019.01.12"]
[Round "3"]
[White "Zhang, Xiaopeng"]
[Black "Postny, Evgeny"]
[Result "0-1"]
[BlackElo "2623"]
[WhiteElo "2299"]
[LiveChessVersion "1.4.8"]

1. d4  Nf6  2. c4  e6
 3. Nf3  Bb4+  4. Nbd2
 O-O  5. a3  Be7 
6. g3  b6  7. Bg2  Bb7
 8. O-O  c5  9. dxc5
 bxc5  10. b3  Nc6
 11. Bb2  Qc7  12. Qc2
 h6  13. Rfd1  Rab8
 14. Nf1  Ba8  15. Rab1
 a5  16. Ne3  Rb6
 17. Bc3  Rfb8  18. Rb2
 Qa7  19. h4  a4 
20. bxa4  Rxb2  21. Bxb2  Na5
 22. Be5  Rb6  23. Nd2
 Bxg2  24. Kxg2  Nc6
 25. a5  Qxa5  26. Bc3
 Qa8  27. f3  Ra6
 28. Nb1  Qb8  29. Qd3
 Nh5  30. Nf1  Bxh4
 31. Qd6  Qxd6  32. Rxd6
 Rb6  33. Nbd2  Bf6
 34. Ne4  Bxc3  35. Nxc3
 Rb2  36. Kf2  Rc2
 37. Ne4  Nd4  38. Nfd2
 Nxg3  39. Rxd7  Nxe4+
 40. Nxe4  Rxe2+  41. Kf1
 Ra2  0-1

[Event "PRAGUE OPEN 2019 - A - IM open"]
[Site "Praha, Olympik hotel"]
[Date "2019.01.12"]
[Round "3"]
[White "Xiang, Zeyu"]
[Black "Oboladze, Luka"]
[Result "1/2-1/2"]
[BlackElo "2295"]
[WhiteElo "2440"]
[LiveChessVersion "1.4.8"]

1. d4  Nf6  2. c4  e6
 3. Nf3  d5  4. g3
 Bb4+  5. Bd2  Bd6
 6. Bg2  O-O  7. O-O
 Nbd7  8. Qc2  c6
 9. Bg5  h6  10. Bxf6
 Qxf6  11. Nbd2  c5
 12. dxc5  Nxc5  13. b4
 Ne4  14. Nxe4  dxe4
 15. Qxe4  Bxb4  16. Rab1
 Bd6  17. Rfd1  Qe7
 18. Ne5  Qc7  19. Nd3
 Rb8  20. c5  Bxc5
 21. Rdc1  b6  22. Nxc5
 bxc5  23. Rxb8  Qxb8
 24. Rxc5  Ba6  25. Qc2
 Rc8  26. Rxc8+  Qxc8
 27. Qxc8+  Bxc8  28. f4
 f6  29. Kf2  Kf7
 30. Ke3  Ke7  31. Kd4
 1/2-1/2

[Event "PRAGUE OPEN 2019 - A - IM open"]
[Site "Praha, Olympik hotel"]
[Date "2019.01.12"]
[Round "3"]
[White "Serrano Salvador, Eduardo"]
[Black "Frolov, Artur"]
[Result "0-1"]
[BlackElo "2430"]
[WhiteElo "2282"]
[LiveChessVersion "1.4.8"]

1. d4  Nf6  2. Nf3  g6
 3. c4  Bg7  4. g3
 c6  5. Nc3  d5 
6. cxd5  cxd5  7. Ne5  O-O
 8. Bg2  e6  9. O-O
 Nfd7  10. f4  Nc6
 11. Be3  Nb6  12. Bf2
 f5  13. a4  a5 
14. Qb3  Bd7  15. Rfc1  Be8
 16. Nb5  g5  17. Qa3
 Nc8  18. Rc3  Bf6
 19. Rac1  Be7  20. Qb3
 Bb4  21. R3c2  N8e7
 22. Qe3  g4  23. Nd3
 Bd7  24. Nc5  Bxc5
 25. Rxc5  Qb8  26. Qa3
 h5  27. R5c3  Nc8
 28. Qc5  Rf7  29. h4
 Nb4  30. Nc7  b6
 31. Na6  Nxa6  32. Qa3
 Nd6  0-1

[Event "PRAGUE OPEN 2019 - A - IM open"]
[Site "Praha, Olympik hotel"]
[Date "2019.01.12"]
[Round "3"]
[White "Liu, Guanchu"]
[Black "Chkhaidze, Nikoloz"]
[Result "1/2-1/2"]
[BlackElo "2290"]
[WhiteElo "2425"]
[LiveChessVersion "1.4.8"]

1. e4  e5  2. Nf3  Nc6
 3. Nc3  Nf6  4. Bb5
 Nd4  5. Ba4  Bc5
 6. d3  O-O  7. O-O
 d6  8. Nxd4  Bxd4
 9. Be3  Bxe3  10. fxe3
 Bd7  11. Bb3  Be6
 12. Bxe6  fxe6  13. Qe2
 Qe7  14. d4  Nd7
 15. Qb5  exd4  16. exd4
 Nb6  17. Ne2  Rxf1+
 18. Rxf1  Rf8  19. Rxf8+
 Kxf8  20. c3  e5
 21. Qd3  Nd7  22. Ng3
 g6  23. Qe3  a5 
24. d5  Nf6  25. b4  axb4
 26. cxb4  Qd7  27. Qf2
 Kg7  28. Qc2  h5
 29. h3  h4  30. Nf1
 c6  31. dxc6  bxc6
 32. a4  Qb7  33. Qc4
 Qa7+  34. Kh2  Qf2
 35. a5  Qf4+  36. Kg1
 Nxe4  37. Qxc6  Qf2+
 38. Kh2  Qf4+  39. Kg1
 Qf2+  40. Kh2  Qf4+
 41. Kg1 1/2-1/2

[Event "PRAGUE OPEN 2019 - A - IM open"]
[Site "Praha, Olympik hotel"]
[Date "2019.01.12"]
[Round "3"]
[White "Naumkin, Igor"]
[Black "Visser, Henk-Jan"]
[Result "1-0"]
[BlackElo "2271"]
[WhiteElo "2418"]
[LiveChessVersion "1.4.8"]

1. d4  Nf6  2. c4  e6
 3. Nf3  Bb4+  4. Bd2
 c5  5. Bxb4  cxb4
 6. e3  O-O  7. Nbd2
 b6  8. Bd3  Bb7 
9. O-O  d6  10. Qc2  Qe7
 11. Ng5  g6  12. f4
 Nc6  13. Rae1  Ne8
 14. Ndf3  Ng7  15. d5
 exd5  16. cxd5  b3
 17. Qxb3  Na5  18. Qd1
 Rac8  19. e4  Nh5
 20. Nh3  Rc7  21. b3
 Bc8  22. f5  Nf6
 23. Qd2  Kh8  24. Qb2
 Kg8  25. Nf2  Nb7
 26. b4  Nd7  27. Ba6
 Ne5  28. Nxe5  dxe5
 29. Bxb7  Bxb7  30. Qd2
 f6  31. d6  Qd8 
32. Rd1  Rg7  33. fxg6  Rxg6
 34. Qc3  Rf7  35. Qc4
 f5  36. d7  Kf8 
37. Qb5  Rfg7  38. Qxe5  Rxg2+
 39. Kh1  R2g5  40. Nh3
 Rh5  41. Rxf5+  Rxf5
 42. Qxf5+  Rf7  43. Qe5
 Rxd7  44. Qh8+  Ke7
 45. Qxh7+  Ke8  46. Qh8+
 Ke7  47. Qe5+  Kf8
 48. Rf1+  1-0

[Event "PRAGUE OPEN 2019 - A - IM open"]
[Site "Praha, Olympik hotel"]
[Date "2019.01.12"]
[Round "3"]
[White "Kacharava, Nikolozi"]
[Black "Olsarova, Karolina"]
[Result "1-0"]
[BlackElo "2263"]
[WhiteElo "2397"]
[LiveChessVersion "1.4.8"]

1. e4  e5  2. Nf3  Nc6
 3. Bc4  Bc5  4. c3
 Nf6  5. d3  O-O 
6. O-O  d5  7. exd5  Nxd5
 8. Re1  Bg4  9. Nbd2
 Nb6  10. h3  Bh5
 11. b4  Be7  12. Bb3
 Qxd3  13. Nxe5  Bxd1
 14. Nxd3  Bxb3  15. axb3
 a6  16. Ne4  Nd5
 17. Nf4  Rad8  18. Rd1
 Nf6  19. Nxf6+  Bxf6
 20. Nd5  Be5  21. Be3
 Bd6  22. Bc5  Bxc5
 23. bxc5  Ne5  24. f4
 Ng6  25. g3  c6 
26. Nb6  Ne7  27. Kf2  f5
 28. Rd6  Nc8  29. Nxc8
 Rxc8  30. Re1  Rf7
 31. Re5  g6  32. Ke3
 Kg7  33. Kd4  Ra8
 34. Kd3  a5  35. Kc2
 Rc7  36. Kb2  Kf7
 37. Ka3  Re7  38. Rxe7+
 Kxe7  39. c4  Ra7
 40. h4  Ra8  41. Ka4
 Ra7  42. Rd1  Kf6
 43. Rd8  Ke6  44. Ka3
 Ke7  45. Rh8  h5
 46. Rh7+  Kf6  47. Rd7
 Ke6  48. Rd1  Kf6
 49. Kb2  Ke7  50. Rd6
 Kf7  51. Ka3  Kg7
 52. Ka2  Kf7  53. Kb2
 Kg7  54. Rd1  Kf6
 55. Kc3  Kf7  56. Rd7+
 Ke6  57. Rd6+  Kf7
 58. Kd4  Kg7  59. Ke5
 a4  60. bxa4  Rxa4
 61. Rd7+  Kh6  62. Rxb7
 Rxc4  63. Kd6  Rc3
 64. Kxc6  Rxg3  65. Rb4
 Rh3  66. Kd5  Rd3+
 67. Rd4  Ra3  68. c6
 1-0

[Event "PRAGUE OPEN 2019 - A - IM open"]
[Site "Praha, Olympik hotel"]
[Date "2019.01.12"]
[Round "3"]
[White "Krivonosov, Oleg"]
[Black "Jaroch, Karol"]
[Result "1-0"]
[BlackElo "2259"]
[WhiteElo "2390"]
[LiveChessVersion "1.4.8"]

1. Nf3  e6  2. c4  Nf6
 3. g3  Be7  4. Bg2
 O-O  5. O-O  d5 
6. d4  Nbd7  7. Qc2  c5
 8. Rd1  b6  9. cxd5
 exd5  10. Nc3  Bb7
 11. dxc5  bxc5  12. Nh4
 Nb6  13. Nf5  Qd7
 14. Bg5  Bd8  15. a4
 a5  16. Nb5  Nxa4
 17. Rxa4  Bc6  18. Rh4
 h6  19. Nxh6+  gxh6
 20. Bxf6  Bxf6  21. Rxh6
 Rfb8  22. Qh7+  Kf8
 23. Rxf6  Rxb5  24. Qh6+
 1-0

[Event "PRAGUE OPEN 2019 - A - IM open"]
[Site "Praha, Olympik hotel"]
[Date "2019.01.12"]
[Round "3"]
[White "Abdulla, Murad"]
[Black "Zhang, Ziji"]
[Result "0-1"]
[BlackElo "2387"]
[WhiteElo "2263"]
[LiveChessVersion "1.4.8"]

1. e4  e5  2. Nf3  Nc6
 3. Bb5  a6  4. Bxc6
 dxc6  5. O-O  f6
 6. d4  exd4  7. Nxd4
 c5  8. Nb3  Qxd1
 9. Rxd1  Bd7  10. Be3
 b6  11. Nc3  O-O-O
 12. a4  Bd6  13. Nd2
 Be6  14. f4  Ne7
 15. Nf3  Nc6  16. Re1
 Nd4  17. Rac1  Nxf3+
 18. gxf3  f5  19. Rcd1
 Rhf8  20. Rf1  Kb7
 21. Rd2  Rfe8  22. Rfd1
 Kc6  23. Kf2  Be7
 24. Rxd8  Rxd8  25. Rxd8
 Bxd8  26. Ke2  b5
 27. axb5+  axb5  28. Kd2
 Bf6  29. Nd1  b4
 30. Bf2  g6  31. b3
 c4  32. bxc4  Bxc4
 33. Be3  Kb5  34. Ba7
 Be6  35. e5  Be7
 36. Be3  c5  37. Nb2
 Bd5  38. Ke2  c4
 39. Bd4  c3  40. Nd1
 Bc4+  41. Ke3  Ka4
 42. Bb6  Ka3  43. Ba7
 Ka2  44. Kd4  Be2
 45. Ne3  Bxf3  46. Bb8
 b3  47. cxb3  Kxb3
 48. Bd6  Bh4  49. e6
 c2  0-1

[Event "PRAGUE OPEN 2019 - A - IM open"]
[Site "Praha, Olympik hotel"]
[Date "2019.01.12"]
[Round "3"]
[White "Low, Zhen Yu Cyrus"]
[Black "Kozak, Antoni"]
[Result "1-0"]
[BlackElo "2236"]
[WhiteElo "2385"]
[LiveChessVersion "1.4.8"]

1. e4  c5  2. Nf3  e6
 3. d4  cxd4  4. Nxd4
 Nc6  5. Nc3  d6 
6. g3  Nf6  7. Bg2  Be7
 8. O-O  O-O  9. Be3
 a6  10. Nxc6  bxc6
 11. Na4  Rb8  12. c4
 e5  13. b3  Be6 
14. Nc3  Qd7  15. Qe2  Bh3
 16. Rad1  Bxg2  17. Kxg2
 Qe6  18. Rd3  Nd7
 19. Rfd1  f5  20. Bg5
 f4  21. Bxe7  Qxe7
 22. f3  fxg3  23. hxg3
 Rf6  24. Qd2  Rbf8
 25. Na4  d5  26. cxd5
 cxd5  27. Nc3  Qf7
 28. Nxd5  Rxf3  29. Ne7+
 Kh8  30. Nf5  Rxd3
 31. Qxd3  Nc5  32. Qc2
 Ne6  33. Rf1  Qd7
 34. Rd1  Qf7  35. Qc3
 Nd4  36. Rf1  g6
 37. Ne3  Qe8  38. Qc4
 a5  39. Nd5  h5 
40. Qa6  Qc8  41. Rf6  Qxa6
 42. Rxa6  Rc8  43. Rxg6
 Rc2+  44. Kh3  Kh7
 45. Rf6  Rxa2  46. Kh4
 Rh2+  47. Kg5  Rh3
 48. Rf7+  Kg8  49. Kf6
 Nc6  50. Rc7  1-0

[Event "PRAGUE OPEN 2019 - A - IM open"]
[Site "Praha, Olympik hotel"]
[Date "2019.01.12"]
[Round "3"]
[White "Lin, Yi"]
[Black "Mulenko, Alexander"]
[Result "1-0"]
[BlackElo "2090"]
[WhiteElo "2359"]
[LiveChessVersion "1.4.8"]

1. d4  Nf6  2. c4  e6
 3. g3  d5  4. Bg2
 Bb4+  5. Bd2  Be7
 6. Nf3  O-O  7. O-O
 Nbd7  8. Qc2  c6
 9. Rd1  Ne4  10. Bf4
 g5  11. Bc1  f5 
12. Nc3  Bf6  13. Be3  Qe7 14.
Qc1 h6  15. Nd2  Bg7  16. Ndxe4
dxe4  17. f3  e5  18. f4
 exf4  19. gxf4  g4
 20. d5  Qb4  21. c5
 Nf6  22. d6  Be6
 23. Qd2  Kh8  24. Nxe4
 Qxd2  25. Nxd2  Nd5
 26. Bxd5  Bxd5  27. Nf1
 Rad8  28. Bd4  h5
 29. Ne3  Be6  30. Kf2
 Kh7  31. b4  Bh6
 32. Be5  Bg7  33. Bxg7
 Kxg7  34. h4  Kf6
 35. Nf1  a6  36. Ng3
 Kg6  37. a4  Rfe8
 38. Ra3  Bd7  39. Rdd3
 Be6  40. Re3  Bd5
 41. Rxe8  Rxe8  42. Re3
 Be4  43. Ke1  Kf7
 44. Nxh5  Rh8  45. Ng3
 Rxh4  46. Nxe4  Rh1+
 47. Kf2  fxe4  48. Rxe4
 Rd1  49. e3  1-0

[Event "PRAGUE OPEN 2019 - A - IM open"]
[Site "Praha, Olympik hotel"]
[Date "2019.01.12"]
[Round "3"]
[White "Cerveny, Petr"]
[Black "Ludvik, Tomas"]
[Result "1-0"]
[BlackElo "2089"]
[WhiteElo "2318"]
[LiveChessVersion "1.4.8"]

1. e4  e6  2. d4  d5
 3. Nc3  Bb4  4. exd5
 exd5  5. Bd3  Nc6
 6. Nge2  Nge7  7. O-O
 Bf5  8. Bf4  O-O
 9. a3  Bd6  10. Re1
 Re8  11. Bb5  Qd7
 12. Qd2  a6  13. Ba4
 Be6  14. Bxd6  Qxd6
 15. Nf4  Ng6  16. Nxg6
 hxg6  17. Ne2  f6
 18. Nf4  Bf7  19. h4
 Rxe1+  20. Rxe1  Ne7
 21. c3  Nf5  22. g3
 Rd8  23. Bc2  Qd7
 24. Qd3  Kf8  25. h5
 g5  26. Qxf5  gxf4
 27. Qxd7  Rxd7  28. g4
 Rd6  29. Kg2  Rb6
 30. Rb1  Be8  31. Kf3
 a5  32. Kxf4  a4
 33. Ke3  Bb5  34. Kd2
 Bd7  35. f3  Bc6
 36. Bf5  Bb5  37. Re1
 Bc4  38. Kc1  Bb5
 39. Re6  Rxe6  40. Bxe6
 Bc6  41. f4  Ke7
 42. Bf5  Be8  43. Kd2
 b6  44. Ke3  c6 
45. Kf3  Kf8  46. Kg3  Ke7
 47. Kh4  Kf8  48. Bc2
 b5  49. Bf5  Ke7
 50. g5  Kf8  51. Bc8
 Ke7  52. h6  gxh6
 53. gxh6  Kf7  54. Bf5
 Kg8  55. Kg4  Kf7
 56. Kf3  1-0

[Event "PRAGUE OPEN 2019 - A - IM open"]
[Site "Praha, Olympik hotel"]
[Date "2019.01.12"]
[Round "3"]
[White "Mis, Mieszko"]
[Black "Kulhanek, Tomas"]
[Result "1/2-1/2"]
[BlackElo "2303"]
[WhiteElo "2242"]
[LiveChessVersion "1.4.8"]

1. c4  d6  2. d4  g6
 3. Nf3  Bg7  4. g3
 e5  5. dxe5  dxe5
 6. Qxd8+  Kxd8  7. Nc3
 f6  8. b3  Be6 
9. Ba3  Nd7  10. Bg2  Nh6
 11. O-O  Bf8  12. Bb2
 Nf7  13. Rfd1  c6
 14. Rac1  Ke8  15. Nd2
 Rd8  16. h3  Be7
 17. Nd5  Bd6  18. Ne4
 cxd5  19. cxd5  Bf5
 20. Nxd6+  Nxd6  21. g4
 Be4  22. f3  h5 
23. fxe4  hxg4  24. hxg4  Rh4
 25. Ba3  Nb5  26. Bb4
 f5  27. e3  Nf6 
28. gxf5  gxf5  29. Rf1  Nxe4
 30. Rxf5  Rxd5  31. Rf8+
 Kd7  32. Rf7+  Ke6
 33. Rcf1  Rd7  34. Rxd7
 Kxd7  35. Rf7+  Kc8
 36. Re7  Ned6  37. Bxd6
 Nxd6  38. Rxe5  b5
 39. Rc5+  Kd8  40. Rc6
 Nf5  41. e4  Ne3
 42. Bf3  Rf4  43. Kf2
 Ng4+  44. Kg3  Rxf3+
 45. Kxg4  Rf2  46. Ra6
 Kc7  47. Kg3  Rf1
 48. Rxa7+  Kd6  49. Ra6+
 Kc5  50. Kg4  Kd4
 51. Rb6  Rf2  52. Rxb5
 Rxa2  53. e5  Ke4
 54. e6  Ra6  55. e7
 Rg6+  56. Rg5  Re6
 57. Rg7  Ke5  58. Kf3
 Kf6  59. Rh7  Rxe7
 60. Rh2  Rb7  61. Rb2
 Ke5  62. Ke3  Kd5
 63. Kd3  Kc5  64. Kc3
 Rh7  65. Rg2  Rh3+
 66. Kb2  Kb6  67. Ka3
 Rh4  68. b4  Rh6
 69. Ka4  Rf6  70. Rg8
 Rh6  71. Rb8+  Ka7
 72. Rb5  Ka6  73. Ra5+
 Kb6  74. Rc5  Rf6
 75. Rh5  Rg6  1/2-1/2

[Event "PRAGUE OPEN 2019 - A - IM open"]
[Site "Praha, Olympik hotel"]
[Date "2019.01.12"]
[Round "3"]
[White "Kulkarni, Bhakti"]
[Black "Kvaloy, Aksel Bu"]
[Result "1/2-1/2"]
[BlackElo "1914"]
[WhiteElo "2303"]
[LiveChessVersion "1.4.8"]

1. d4  Nf6  2. c4  c5
 3. d5  b5  4. Qc2
 bxc4  5. e4  e6 
6. Bxc4  exd5  7. exd5  d6
 8. Ne2  Be7  9. O-O
 O-O  10. Nbc3  Nbd7
 11. b3  Nb6  12. Ng3
 Ng4  13. Bf4  Bf6
 14. Nge4  Bf5  15. Bd3
 Bxe4  16. Bxe4  Bxc3
 17. Qxc3  Nf6  18. Qd3
 Nxe4  19. Qxe4  Qf6
 20. Rad1  Rfe8  21. Qf3
 Nd7  22. Qg3  Ne5
 23. Rfe1  Qf5  24. h3
 f6  25. Kh1  a5 
26. Bc1  1/2-1/2

[Event "PRAGUE OPEN 2019 - A - IM open"]
[Site "Praha, Olympik hotel"]
[Date "2019.01.12"]
[Round "3"]
[White "Haase, Pavel"]
[Black "Liu, Zhaoqi"]
[Result "0-1"]
[BlackElo "2300"]
[WhiteElo "2141"]
[LiveChessVersion "1.4.8"]

1. c4  c5  2. Nc3  Nf6
 3. g3  g6  4. Bg2
 Bg7  5. d3  Nc6 
6. Nh3  h5  7. Nf4  h4
 8. Qa4  Kf8  9. Be3
 d6  10. Nfd5  h3
 11. Bf3  Ne5  12. Rb1
 Nxf3+  13. exf3  Bd7
 14. Qd1  Bc6  15. Nxf6
 Bxf6  16. Ne4  e5
 17. Qd2  Kg7  18. g4
 Be7  19. Qc3  f6
 20. f4  exf4  21. Bxf4
 Kf7  22. Rg1  d5
 23. cxd5  Qxd5  24. Rg3
 Qxa2 25. Rd1  Bxe4  26. dxe4
 Qe6  27. e5  g5 
28. Be3  Rad8  29. Rxd8  Rxd8
 30. Rxh3  Qxg4  31. Rh7+
 Ke6  32. Qc2  c4
 33. Bd2  Bc5  34. Bc3
 Qg1+  0-1

[Event "PRAGUE OPEN 2019 - A - IM open"]
[Site "Praha, Olympik hotel"]
[Date "2019.01.12"]
[Round "3"]
[White "Neuman, Petr"]
[Black "Hesse, Henrik"]
[Result "1-0"]
[BlackElo "2166"]
[WhiteElo "2428"]
[LiveChessVersion "1.4.8"]

1. e4  e5  2. Nf3  Nf6
 3. d3  Nc6  4. c3
 d5  5. Nbd2  dxe4
 6. dxe4  Bc5  7. b4
 Bxf2+  8. Kxf2  Nxe4+
 9. Kg1  Nxc3  10. Qb3
 Nd5  11. Bb2  O-O
 12. b5  Na5  13. Qa4
 c6  14. Bxe5  Bd7
 15. Qd4  f6  16. Bg3
 Be6  17. h3  Qd7
 18. Nb3  Nxb3  19. axb3
 b6  20. bxc6  Qxc6
 21. Kh2  Rad8  22. Rxa7
 Qc2  23. Bd3  Qxb3
 24. Bxh7+  1-0